|
|
|
|
| LEADER |
00000nam0a2200000 4500 |
| 001 |
14481 |
| 005 |
20231030185712.0 |
| 010 |
|
|
|a 5256014846
|
| 035 |
|
|
|a (RuTPU)RU\TPU\book\14574
|
| 035 |
|
|
|a BOOK00014643
|
| 090 |
|
|
|a 14481
|
| 100 |
|
|
|a 20011209d1998 k y0rusy50 ca
|
| 101 |
0 |
|
|a rus
|
| 102 |
|
|
|a RU
|
| 105 |
|
|
|a a z 000zy
|
| 200 |
1 |
|
|a Негауссовские процессы в радиотехнике
|f О. И. Шелухин
|
| 210 |
|
|
|a Москва
|c Радио и связь
|d 1998
|
| 215 |
|
|
|a 310 с.
|c ил.
|
| 610 |
1 |
|
|a радиотехника
|
| 610 |
1 |
|
|a радиосигналы
|
| 610 |
1 |
|
|a математические исследования
|
| 610 |
1 |
|
|a негауссовские процессы
|
| 610 |
1 |
|
|a статистические модели
|
| 610 |
1 |
|
|a информационные процессы
|
| 610 |
1 |
|
|a помехи
|
| 610 |
1 |
|
|a обнаружение
|
| 610 |
1 |
|
|a распознавание
|
| 610 |
1 |
|
|a фильтрация
|
| 610 |
1 |
|
|a демодуляция
|
| 675 |
|
|
|a 621.372:51
|v 3
|
| 700 |
|
1 |
|a Шелухин
|b О. И.
|g Олег Иванович
|
| 801 |
|
0 |
|a RU
|b 63413507
|c 20011209
|g PSBO
|
| 801 |
|
2 |
|a RU
|b 63413507
|c 20080212
|g PSBO
|
| 942 |
|
|
|c BK
|